Dávkovače liekov

Bibliographic Details
Main Author: Kmeťová, Anna (Author)
Format: Article
Language:Slovak

MARC

LEADER 00000nab a2200000ua 4500
001 vtls010799934
003 SK-MaSNL
005 20260303102852.0
008 230121s2007 xo |||||||||||||||||slo|
035 |a (urnnbn)urn:nbn:sk:snk:ar-a02lkz 
035 |a (uuid)6bdff009-2eac-4a67-b4a2-77d8a05e56dd 
035 |a urn:nbn:sk:snk-ab4mew 
040 |a SNKBUCL  |b slo  |c SNKBUCL  |e AACR2 
041 0 |a slo 
044 |a xo  |c SK 
100 1 |a Kmeťová, Anna  |4 aut  |9 265828 
245 1 0 |a Dávkovače liekov  |c Anna Kmeťová 
773 0 |t Lekárnik : odborno-informačný mesačník  |g Roč. 12, č. 10 (2007), s. 22-23 
954 |a odborná, vedecká literatúra pôvodná (slovenská)  |2 lita 
958 |a OND 
958 |a EUIPO 
958 |a article3 
999 |c 1845607  |d 1847537